00366nam a2200145Ia 450000500170000000800410001702000150005805000250007310000190009824500360011726000310015330000210018452100070020552600080021220140402152544.0140130s9999 xx 000 0 und d a0439651379 aPZ 7 b.K8369Ff 2005 aKorman, Gordon cGordon Korman.aFugitive factor bScholastic,aUSA :c2005.  a148 p. :c20 cm. aG5 c760